Länder, die am meisten Schafmilch produzieren - Statistiken

Allgemein
  • Dieses Quiz wurde 68 mal gespielt
  • Das Durchschnittsergebnis liegt bei 5 aus 10
Antwortstatistiken
Produktion 2020
(in Tonnen)
Land % Korrekt
1 1.540.000 China
90%
2 1.101.013 Türkei
77%
3 705.000 Griechenland
74%
6 600.568 Spanien
61%
9 470.000 Iran
58%
10 383.837 Italien
58%
5 632.582 Rumänien
40%
4 684.578 Syrien
39%
7 540.000 Sudan
13%
8 505.000 Somalia
5%
Keine übereinstimmenden Quizze gefunden
Verteilung der Resultate
Anzahl Personen mit jedem Resultat
Perzentil nach korrekt beantworteten Fragen
Ihre Resultats-Entwicklung
Sie haben dieses Quiz noch nicht gespielt